Ekonomická diplomacia pod vplyvom geopolitických zmien bakalárska práca

Enregistré dans:
Détails bibliographiques
Auteur principal: Babík, Ondrej
Collectivité auteur: Obchodná fakulta EU. Katedra medzinárodného obchodu
Autres auteurs: Juhás, Henrich, 1995-
Format: Livre
Langue:slovaque
Publié: Bratislava 2024
Tags: Ajouter un tag
Pas de tags, Soyez le premier à ajouter un tag!

MARC

LEADER 00000nbm a2200000 4500
001 0302290
005 20250801084744.2
041 0 |a slo 
044 |a SK 
245 1 0 |a Ekonomická diplomacia pod vplyvom geopolitických zmien  |b bakalárska práca  |c Ondrej Babík ; školiteľ: Henrich Juhás 
264 1 |a Bratislava  |c 2024 
300 |a 49 s. 
100 1 |a Babík, Ondrej 
700 1 |a Juhás, Henrich, 1995- 
710 2 |a Obchodná fakulta EU. Katedra medzinárodného obchodu